01210nam a2200421 a 4500008004100000020001800041041000800059100002400067245007700091250001100168260003200179300002700211500012000238653001800358653001400376653001600390653001900406653001900425653001300444653002100457653002400478653001500502653001800517653001600535653002200551653001800573653001600591653001700607653001900624653001700643653001700660653001600677653001400693653002700707653001900734653001700753653001800770110629s2012 ag il. f |||| 001 0 spa d a9789871259687 aspa1 aVoyer, Luis E.eEd. aCriterios de diagnóstico y tratamiento en Pediatría /cLuis E. Voyer a2a ed. aBarcelona:bJournal;c2012. a572 p.bil.c28x20 cm. aVoyer, L. E. (Ed.). (2012). Criterios de diagnóstico y tratamiento en Pediatría. (2a ed.). Barcelona : Journal. aCardiología aCirugía aCrecimiento aDermatología aDesnutrición aDiabetes aEndocrinología aGastroenterología aGenética aHematología aInfecciones aMaltrato infantil aMedio interno aMetabolismo aNefrología aNeonatología aNeumología aNeurología aOncología aOrtopedia aOtorrinolaringología aReumatología aSalud mental aToxicología